| 000 | 00648nmm a2200265 a 4500 | ||
|---|---|---|---|
| 003 | AR-BaBNM | ||
| 005 | 20251128211607.0 | ||
| 008 | 154120s1999 ||||||||||||||000 | spa|| | ||
| 020 | _a987-9216-73-3 | ||
| 040 | _cAR-BaBNM | ||
| 100 | 1 | _aShua, Ana María | |
| 245 | 1 | 0 | _aCuentos con magia |
| 250 | _a1ª ed. | ||
| 260 |
_aBuenos Aires _bAmeghino _c1999 |
||
| 300 |
_a68 p. _bil. |
||
| 650 | 4 | _aLITERATURA ARGENTINA | |
| 650 | 4 | _aLITERATURA CONTEMPORANEA | |
| 650 | 4 | _aCUENTOS | |
| 650 | 4 | _aMAGIA | |
| 650 | 4 | _aTRADICION ORAL | |
| 655 | _aLITERATURA | ||
| 700 | 1 |
_aGarfunkel, Aníbel _eilustrador |
|
| 942 | _cBK | ||
| 998 | _cEugenia | ||
| 999 |
_c20350 _d20350 |
||